=LDR 00000nam 2200000 4500 =001 INLIS000000000038934 =005 20130612144606 =008 ***********************************ind** =035 ##$$a0010-061300000038934 =041 ##$$a ind =082 ##$$a 813 =090 ##$$a 813, Fle b1 =100 ##$$a FIELDING,Helen =245 ##$$a Buku harian bridget jones/Helen fielding;Alih bahasa, Amelia listiani =260 ##$$a 2003 $b Jakarta =300 ##$$a 416 Hlm, 18 cm =650 ##$$a FIKSI =700 ##$$a LISTIANI, Amelia =850 ##$$a NBPNMAT =990 ##$$a 21400613/BPAP-NTB/20142014 =990 ##$$a 21400613/BPAP-NTB/20142014 =990 ##$$a 08190819 =990 ##$$a 21112783 =990 ##$$a 21400613/BPAP-NTB/20142014 =990 ##$$a 21400613/BPAP-NTB/20142014